US States Click Map in 20 Seconds - Statistics

General Stats
  • This quiz has been taken 244 times
  • The average score is 5 of 50
Answers on the Map
Answers color-coded by a green-red scale on the quiz's map according to % correct below.
 
Answer Stats
Answer % Correct
Alaska
92%
Alabama
74%
Ohio
55%
Kentucky
45%
Iowa
36%
North Carolina
23%
California
17%
South Carolina
13%
Arizona
12%
Florida
12%
Colorado
9%
Hawaii
9%
Arkansas
8%
Connecticut
8%
Georgia
8%
Delaware
7%
Idaho
7%
Maryland
7%
Maine
5%
Illinois
3%
Washington
3%
Indiana
2%
Kansas
2%
Louisiana
2%
Texas
2%
Massachusetts
1%
Michigan
1%
Minnesota
1%
Montana
1%
Nevada
1%
New Jersey
1%
New York
1%
Oklahoma
1%
Oklahoma
1%
Oregon
1%
Pennsylvania
1%
Utah
1%
Vermont
1%
Wisconsin
1%
Mississippi
0%
Missouri
0%
New Hampshire
0%
New Mexico
0%
North Dakota
0%
Rhode Island
0%
South Dakota
0%
Tennessee
0%
Virginia
0%
West Virginia
0%
Wyoming
0%
No matching quizzes found
Score Distribution
Percent of People with Each Score
Percentile by Number Answered
Your Score History
You have not taken this quiz